[Event "Moscow Aeroflot op"]
[Site "Moscow"]
[Date "2002.02.10"]
[Round "9"]
[White "Vorobiov, Evgeny E"]
[Black "Vescovi, Giovanni P"]
[Result "1/2-1/2"]
[WhiteElo "2534"]
[BlackElo "2590"]
[Annotator "Ribli,Z"]
[PlyCount "62"]
[EventDate "2002.02.04"]
[EventType "swiss"]
[EventRounds "9"]
[EventCountry "RUS"]
[SourceTitle "CBM 088"]
[Source "ChessBase"]
[SourceDate "2002.03.21"]
[SourceVersion "1"]
[SourceVersionDate "2002.03.21"]
[SourceQuality "1"]

1. e4 c5 2. Nf3 e6 3. Nc3 a6 4. d4 cxd4 5. Nxd4 Qc7 6. Bd3 Nf6 7. Be3 Nc6 8.
Qe2 {Das ist die Lieblingsvariante von Vorobiov.} b5 9. O-O Bb7 10. f4 {
Dieser Zug scheint mir zu direkt. Bessere Chancen verspricht die
prophylaktische Fortsetzung 10.Kh1.} (10. Kh1 Be7 11. f4) 10... Nxd4 11. Bxd4
Bc5 {Weiß hat zwar Entwicklungsvorsprung, aber jetzt kann Schwarz sich mit
Tempo entwickeln.} 12. Bxc5 Qxc5+ 13. Kh1 b4 {Die Alternative 13...d6 ist auch
nicht schlecht. Wichtig ist nur, dass Schwarz die Variante 14.e5 Nd5 15.Ne4
vermeidet. Der Textzug ist ein gutes Mittel, um den Nc3 zu verjagen.} (13... d6
14. Rae1 e5 {1/2-1/2 Novgorodskij,V-Brodsky,M/Kstovo 1998/EXT 99 (14)}) (13...
d5 14. e5 Nd7 15. Rae1 O-O-O 16. a4 b4 17. Nb1 Qb6 18. Nd2 Nc5 19. c3 Nxd3 20.
Qxd3 a5 21. Qd4 Qxd4 22. cxd4 Ba6 23. Rf2 Kb7 24. Nb3 Kb6 25. Rc1 {1-0 Muller,
A-Schuster,B/Germany 1999/GER-chT (52)}) 14. Nb1 {Der Springer soll später
über d2 zurück ins Spiel gelangen. Die Alternative 14.Nd1 ist ebenfalls
spielbar.} (14. Nd1 O-O (14... d6 15. Nf2 e5 16. fxe5 Qxe5 17. a3 {1/2-1/2
Rytshagov,M-Piskov,Y/Cappelle la Grande 1994/TD (17)}) (14... d5 15. e5 Ne4 16.
Nf2 Nxf2+ 17. Rxf2 g6 18. Rff1 a5 19. a3 O-O 20. Qf2 d4 {1/2-1/2 Hoffmann,
M-Gofshtein,L/Muenster 1997/CBM 60 ext (28)}) (14... h5 15. Nf2 h4 16. a3 Qc7
17. Qe3 d5 18. axb4 h3 19. g3 dxe4 20. Be2 Nd5 21. Qd4 Qxc2 22. Bd1 Qc7 23. Rc1
Qe7 24. Qxg7 Qf6 {1/2-1/2 Grilc,A-Sakelsek,T/Ljubljana 2001/EXT 2002 (46)}) 15.
Nf2 (15. c4 d6 16. Nf2 Rfd8 17. Rac1 a5 18. Bb1 Qc7 19. Qe3 Rac8 20. e5 Nd7 21.
exd6 Qxd6 22. Be4 Ba6 23. b3 Nc5 {1/2-1/2 Lau,R-Hoffmann,M/Lippstadt 1993/EXT
98 (23)}) 15... e5 (15... Rfc8 16. Rad1 Qc6 17. Rde1 Rc7 18. Qf3 g6 19. Qh3 d5
20. e5 Nh5 21. Ng4 Qc5 22. f5 exf5 23. Rxf5 gxf5 24. Nh6+ Kf8 25. Qxh5 {
1-0 Landenbergue,C-Kaenel,H/SUI 2001/EXT 2002 (51)}) 16. Ng4 Nxg4 17. Qxg4 f5
18. exf5 e4 19. Be2 d5 20. Rac1 d4 21. b3 Rxf5 {1/2-1/2 Sedlak,N-Stojanovic,D/
Subotica 2000/EXT 2001 (44)}) (14. Na4 $6 Qc6 15. e5 Qxa4 (15... Nd5 16. b3 $15
) 16. exf6 gxf6 $15) 14... d5 $5 {[%mdl 4]} (14... h5 15. Nd2 h4 16. Qf2 Qxf2
17. Rxf2 h3 18. g3 d5 19. exd5 Bxd5+ 20. Kg1 Ke7 {1/2-1/2 Cabrilo,G-Martidis,A/
Nea Makri 1990/EXT 99 (37)}) (14... d6 $11) 15. e5 (15. exd5 Bxd5 $11) 15...
Ne4 $11 16. Nd2 (16. Bxe4 $6 dxe4 $15) 16... Nxd2 17. Qxd2 g6 $1 {Ein starker
prophylaktischer Zug - Schwarz verteidigt sich gegen den Vorstoß f4-f5.} (17...
O-O 18. f5 $36) 18. Rae1 (18. Rac1 $5 {[%cal Gc2c3]}) (18. a3 $5) 18... a5 {
[%cal Gb7a6,Ga6d3] Die Stellung erinnert mich aufgrund der geschlossenen
Bauernstellung im Zentrum an die Französische Verteidigung.} 19. Rf3 Ba6 $1 {
[%mdl 32] Der Abtausch des starken weißen Bd3 ist eine gute strategische Idee.}
20. a3 {Nach 18.Rae1 ist dieser Zug weniger logisch. Mit der Partiefortsetzung
will Weiß die schwarzen Bauern am Damenflügel abtauschen.} Bxd3 (20... bxa3 21.
Bxa6 Rxa6 22. Rxa3 $14) 21. Rxd3 Rc8 {[%cal Rc8c2]} 22. axb4 (22. Rc1 O-O $11)
22... axb4 23. c3 O-O $5 {Schwarz kümmert sich nicht um den b-Bauern, sondern
beendet seine Entwicklung.} (23... bxc3 $4 24. Rxc3 $18) (23... b3) 24. f5 (24.
cxb4 Qc2 $44) 24... exf5 (24... bxc3 25. Rxc3 Qb4 26. f6 Qh4 $13) 25. Rh3 {
[%cal Rd2h6,Rh3h7] Droht 26.Qh6 mit Gewinn.} Qe7 26. cxb4 (26. Qh6 f6 27. e6
bxc3 28. bxc3 Rc4 $15 {[%cal Gc4e4]}) 26... Rc4 27. Qxd5 Qxb4 (27... Rxb4 $11)
28. Rhe3 Rd4 29. Qc6 Rc4 (29... Qxb2 30. e6 fxe6 31. Qxe6+ Kg7 (31... Rf7 32.
Qe8+ Kg7 33. Qe5+ Kg8 34. Rd3 Re7 35. Qxe7 Rxd3 $11) 32. Qe5+ Kg8 33. Qe6+ $11
(33. Rd3 Re4 $15)) 30. Qd5 Rd4 31. Qc6 Rc4 1/2-1/2

[Event "Excelsior Cup"]
[Site "Gothenburg"]
[Date "2000.??.??"]
[Round "8"]
[White "Moberg, Karl Johan"]
[Black "Yakovich, Yuri"]
[Result "0-1"]
[WhiteElo "2354"]
[BlackElo "2580"]
[Annotator "Ribli,Z"]
[PlyCount "82"]
[EventDate "2000.01.07"]
[EventType "tourn"]
[EventRounds "9"]
[EventCountry "SWE"]
[EventCategory "9"]
[SourceTitle "CBM 076"]
[Source "ChessBase"]
[SourceDate "2000.05.31"]
[SourceVersion "1"]
[SourceVersionDate "2000.05.31"]
[SourceQuality "1"]

1. e4 c5 2. Nf3 Nc6 3. d4 cxd4 4. Nxd4 Qc7 {Auf diese Weise kann Schwarz die
Variante 4...e6 5.Nb5 vermeiden. 5.Nb5 ist hier dennoch möglich aber in der
Tat nicht so gefährlich.} 5. Nc3 e6 6. Be3 a6 7. Qd2 {Weiß möchte mit 0-0-0,
f3-g4 den sogenannten "Englischen Angriff" führen. Diese Spielweise ist
besonders gegen die Naidorf-Variante (1.e4 c5 2.Nf3 d6 3.d4 cxd4 4.Nxd4 Nf6 5.
Nc3 a6 6.Be3 usw.) und gegen die Scheweninger Variante beliebt. Gegen das
Paulsen-System jedoch ist es weniger effektiv. Warum? Hier hat Schwarz eine
sehr flexible Stellung und die Möglichkeit, seine Entwicklung an der
Spielweise von Weiß auszurichten. In einigen Varianten ist Bb4 möglich, oder
der Pd7 kann in einem Zug nach d5 ziehen. Im Allgemeinen bin ich der
Auffassung, dass der "Englische Angriff" nicht die beste Möglichkeit für Weiß
ist.} Nf6 8. f3 Ne5 (8... d5 9. exd5 Nxd5 10. Nxd5 exd5 11. O-O-O $14) (8... b5
) 9. O-O-O b5 (9... Bb4 10. Nb3 b5 11. Bd4 Bb7 12. Kb1 Be7 13. Na5 d6 14. Ne2 {
Remis Ivanchuk,V-Ljubojevic,L/Belgrade/1995/CBM51/INF65,(188)/}) 10. Kb1 (10.
g4 $6 h6 11. h4 b4 12. Na4 (12. Nb1 d5 13. exd5 Nxd5 14. Qe1 Nxe3 15. Qxe3 Bc5
16. Nd2 Bb7 17. N2b3 $2 Bxf3 $1 18. Be2 Bxh1 19. Rxh1 $19 {1-0 Korneev,
O-Beshukov,S/ St.Petersburg 1996/CBM 52/[Ribli] (33)}) 12... d5 13. Be2 Bb7 14.
g5 hxg5 15. hxg5 Rxh1 16. Rxh1 Nfd7 17. f4 Nc4 18. Bxc4 dxc4 19. g6 Bxe4 20.
Rg1 c3 {1/2-1/2 Kovchan,A-Poluljahov,A/Bydgoszcz 1999/EXT 2000 (33)}) (10. Bf4
Bb7 11. Kb1 {1/2-1/2 Martins,C-Marques,V/Brazil 1999/EXT 2000 (11)}) 10... Bb7
$1 11. Bd3 (11. g4 h6 12. h4 Rc8 13. Rh3 Be7 14. Qe2 Nc4 15. Bc1 Na3+ 16. bxa3
Qxc3 {1/2-1/2 Salmensuu,O-Middelburg,T/Groningen 1999/CBM 73 ext (42)}) 11...
Rc8 $146 {Dieser Zug ist typisch für die Paulsen-Variante. Schwarz entwickelt
zuerst seinen Damenflügel und anschließend den Königsflügel unter
Berücksichtigung der gegnerischen Spielweise.} (11... b4 12. Nce2 d5 {So
bekommt Schwarz Mehrtempo im Vergleich zur Najdorf-Variante - dort spielt man
5...d6 und erst danach d6-d5.} 13. Bf4 $6 (13. exd5 Nxd5 14. Bf2 $11) 13... Rd8
14. Qe1 dxe4 {1/2-1/2 Oll,L-Kasimdzhanov,R/Elista (ol) 74/209 1998/Inf 74/
[Kasimdzhanov,R] (53)}) (11... Nc4 12. Bxc4 Qxc4 13. Nb3 Qc7 14. Bf4 $14) (
11... Be7) 12. Rhe1 Be7 $13 (12... b4 13. Nce2 d5 $5) (12... Bb4 $2 13. Ncxb5
$1 {Wenn der weiße König auf b1 steht und die weiße Dame auf d2 nicht mit
Schach hängt, muss Schwarz immer mit dieser kleinen Kombination rechnen.} Qc5
14. c3 Nxd3 15. Qxd3 axb5 16. Nxb5 $18) 13. g4 O-O 14. Nce2 (14. g5 Nh5 {
Das ist auch typisch für solche Stellungen: der Springer steht gar nicht
schlecht auf der h-Linie, da der weiße h-Bauer weißes Spiel gegen den Nh5
verhindert.} 15. Nce2 d5 $15) 14... d5 $1 {[%mdl 4] Dieser starke Zug kommt
direkt in einem Zug - Schwarz darf zufrieden sein.} 15. exd5 (15. g5 Nxe4 $1 {
Das ist auch ein bekanntes Motiv - der Läufer steht schlecht auf d3.} 16. fxe4
dxe4 17. Bxb5 axb5 18. Nxb5 Qc4 $15) 15... Nxd5 $15 {[%csl Gd5,Ge5][%cal Gc8c2]
Schwarz hat sehr gutes Figurenspiel und spürbar positionellen Druck am
Damenflügel. Weiß spielte - ein wenig mechanisch - die "üblichen" Angriffszüge
Rhe1 und g4, hat aber eigentlich keinen Angriff.} 16. Nf4 (16. Bf2 Nxd3 17.
Qxd3 Rfd8 $36 {[%cal Gc8c2,Gd8d1]}) 16... Nxe3 17. Qxe3 Bg5 $1 {[%csl Rf4]
[%cal Gg5e3][%mdl 2048] Schwarz hat das Läuferpaar. Die Fesslung des Nf4 ist
sehr unangenehm für Weiß.} 18. Qxe5 {Nach diesem Zug muss sich Weiß in ein
sehr schweres Endspiel finden, aber es gibt für ihn auch keine Alternative.}
Qxe5 19. Rxe5 Bxf4 {[%csl Gb7,Gf4]} 20. Rh5 $6 (20. Ree1 $5 e5 (20... Rfd8) (
20... Bxh2 $4 21. Rh1 $18) 21. Nf5 Bxf3 22. Ne7+ Kh8 23. Nxc8 Bxd1 24. Rxd1
Rxc8 25. Be4 $15 {Schwarz hat einen Mehrbauern, aber Weiß darf noch auf Remis
hoffen.}) 20... g6 21. Rh3 {[%csl Rh3] Es gibt nichts anderes, aber der Turm
steht schrecklich schlecht auf h3.} Rfd8 22. Ne2 (22. c3 e5 23. Ne2 Be3 $15)
22... Be3 {[%csl Ge3]} 23. Rg3 (23. f4 Bf2 $17 {[%cal Gb7g2,Gg2h3]}) 23... f5
$1 {Schwarz mobilisiert seine Reserven am Königsflügel - es droht eventuell 24.
..f4 oder 24...fxg4 25.fxg4 Rf8.} 24. gxf5 exf5 {Aufgrund der Fesslung auf der
d-Linie kann Weiß nicht 25.Bxf5 ziehen.} 25. h4 (25. f4 $2 Bf2 26. Rg5 Kf7 $19
{[%cal Rh7h6,Rh6g5]}) 25... Kf7 (25... f4 26. Rh3 Kf7 $17) 26. Rf1 {Weiß
verteidigt das Feld f2. Nach sofortigem 26.f4 kommt 26...Bf2.} Rc7 {[%cal
Gc7e7,Ge7e2]} 27. f4 Re7 {[%csl Ge3] Der Be3 paralysiert die weiße Stellung.}
28. h5 Kf6 {Schwarz braucht sich nicht zu beeilen. Mit kleinen positionellen
Zügen verbessert er Schritt für Schritt seine Stellung.} 29. hxg6 hxg6 30. a3 {
Weiß hat keinen aktiven Plan - er kann nur abwarten.} Rh8 {[%csl Gh8][%cal
Gh8h1]} 31. Nc3 Rh4 (31... Rh2 $17) 32. Re1 (32. Ne2 Rh2 $17) 32... Bc5 (32...
Bxf4 $2 33. Rxe7 Kxe7 34. Rxg6 $132) 33. Rxe7 Bxe7 {[%csl Rf4]} 34. Ne2 Bd6 {
[%cal Rd6f4] Der Pf4 hängt, Weiß kann ihn nicht halten.} 35. Re3 Bxf4 $17 {
Nach diesem Bauernverlust ist Weiß im Prinzip chancenlos..} 36. Re8 (36. Nxf4
Rxf4 $19 {[%csl Gf5,Gg6] Dank der verbundenen Freibauern steht Schwarz auf
Gewinn.}) 36... Be5 37. Rf8+ Kg5 38. Rf7 $2 {Dieser Zug kommt nur dem Gegner
zugute, aber guter Rat ist hier ohnehin schon teuer.} Rh1+ $19 39. Nc1 (39. Ka2
$2 Bd5+ {[%cal Rd5f7,Rd5a2]}) 39... Bf3 {Es droht 40...Bf4, und Weiß hat keine
Verteidigung.} 40. a4 Bf4 41. axb5 Rxc1+ (41... Rxc1+ 42. Ka2 Bd5+ $19 {
Weiß gab auf, denn in dieser verlorenen Stellung müsste er weiteres Material
geben.}) 0-1

[Event "FIDE World Cup KO"]
[Site "Shenyang"]
[Date "2000.09.08"]
[Round "1.3"]
[White "Movsesian, Sergei"]
[Black "Milos, Gilberto"]
[Result "1-0"]
[WhiteElo "2666"]
[BlackElo "2633"]
[Annotator "Ribli,Z"]
[PlyCount "77"]
[EventDate "2000.09.07"]
[EventType "k.o."]
[EventRounds "4"]
[EventCountry "CHN"]
[SourceTitle "CBM 079"]
[Source "ChessBase"]
[SourceDate "2000.11.21"]
[SourceVersion "1"]
[SourceVersionDate "2000.11.21"]
[SourceQuality "1"]

1. e4 c5 2. Nf3 e6 3. d4 cxd4 4. Nxd4 Nc6 5. Nc3 a6 6. Be3 Qc7 7. Bd3 Nf6 8.
O-O {Der tschechische Großmeister spielt diese Variante mit beiden Farben.
Nach dem Textzug spielt er gewöhnlich 8...h5 mit Schwarz.} Ne5 9. f4 {Man
spielt praktisch immer 9.h3 gegen die Drohung 9...Neg4, auch 9.Nf3 wurde
bereits in einigen Partien gespielt.} Neg4 10. Bd2 (10. Bc1 Bc5 11. Nce2 (11.
Be2 h5 12. Bxg4 Nxg4 13. h3 e5 14. Nd5 Qd6 15. c3 exd4 16. cxd4 Ba7 17. hxg4
hxg4 18. Be3 f5 19. Rc1 g3 20. Qf3 Rh1+ {0-1 Zakurdiaeva,I-Uchitel,S/Moscow
1998/EXT 99 (20)}) 11... e5 12. h3 exd4 13. hxg4 Nxg4 14. Ng3 d6 15. Qf3 Qe7
16. Nh5 g6 17. Ng7+ Kf8 18. f5 Qh4 {0-1 Stenner,P-Heinsohn,W/Germany 1992/EXT
97-B (35)}) (10. Qf3 Nxe3 11. Qxe3 Bc5 12. Kh1 e5 13. fxe5 Qxe5 14. Nf3 Qxh2+
15. Nxh2 Bxe3 16. e5 Nh5 17. Rf3 Bh6 18. Nd5 O-O 19. g4 {1-0 Toledano,M-Cacho
Reigadas,S/Ponferrada 1992/EXT 2000 (45)}) 10... Bc5 11. Nce2 d6 (11... e5 {
Es scheint, als sollte Schwarz mit diesem Zug sofort gewinnen, aber nach den
hiernach entstehenden Komplikationen bekommt Weiß Vorteil.} 12. fxe5 Qxe5 {
[%cal Re5h2,Rc5d4]} (12... Nxe5 $11) 13. Bf4 Bxd4+ 14. Kh1 Qc5 15. Nxd4 Qxd4
16. e5 $1 {Das ist die Pointe der ganzen weißen Spielweise.} Nf2+ (16... Nxe5
17. Bxe5 Qxe5 18. Re1 d6 19. Rxe5+ dxe5 20. Qe2 $16) 17. Rxf2 Qxf2 18. exf6
Qxf4 (18... gxf6 19. Qg4 $44) (18... d5 19. fxg7 Rg8 20. Qe1+ Qxe1+ 21. Rxe1+
Be6 22. Bh6 $16) 19. Qe1+ Kd8 20. Qa5+ Qc7 21. fxg7 $18 {Cvitan}) 12. h3 e5 (
12... Bxd4+ 13. Nxd4 e5 $13) 13. c3 $1 $146 {Was für ein Zug! Ich vermute,
dass Weiß diese ganze Idee in der häuslichen Analyse entwickelt hat. Er kennt
keine Furcht vor der Fesslung auf der Diagonale a7-g1.} (13. Kh1 exd4 14. hxg4
Bxg4 15. Qe1 Bb6 16. Ng1 O-O-O 17. Nf3 Rde8 18. c3 dxc3 19. Rc1 Kb8 20. Rxc3
Qd8 {0-1 Toma,K-Sammul,M/Wisla 1998/EXT 2000 (33)}) 13... Ba7 {Meiner Meinung
nach wäre das Schlagen des Springers der Partiefortsetzung vorzuziehen.} (13...
exd4 $142 $5 14. cxd4 Ba7 15. Rc1 (15. hxg4 Bxg4 16. Be3 (16. Bc3 d5 $15) 16...
d5 $13 (16... Nxe4 17. Bxe4 Qe7 $13)) 15... Qe7 16. Qc2 O-O 17. hxg4 Re8 $15)
14. hxg4 Bxg4 (14... exd4 15. Nxd4 Bxg4 16. Qc2 $14) 15. Be3 exd4 16. Bxd4 {
Das macht einen großen Unterschied: Jetzt kann der Läufer auf d4 nehmen, nach
13...cxd4 wäre das nicht möglich gewesen.} (16. cxd4 $6 d5 $13 (16... Nxe4 17.
Bxe4 Qe7 $13)) 16... O-O (16... Bxd4+ 17. cxd4 Bxe2 (17... Qb6 $13) 18. Qxe2
Qb6 $13 19. Kh1 Qxd4 20. e5 $2 dxe5 21. fxe5 Qh4+ 22. Kg1 Ng4 $19) 17. Bxa7
Rxa7 $11 {Weiß hat die bessere Bauernstruktur, aber sein Königsflügel ist
geschwächt. Schwarz hingegen hat nur eine kleine Schwäche - den Pd6.} 18. Qd2
Re8 (18... Bxe2 $5 19. Qxe2 Re8 $11) 19. Ng3 {Der Springer verteidigt den Pe4
und vermeidet den möglichen Abtausch.} Qc5+ 20. Qf2 b6 (20... Qxf2+ 21. Kxf2
$14) 21. Qd4 Bc8 (21... Qxd4+ 22. cxd4 $14) 22. Rfe1 Rae7 23. Re2 g6 24. Rae1
$14 {Weiß hat das bessere Figurenspiel und Raumvorteil - Schwarz muss in der
Folge immer mit dem Durchbruch e4-e5 rechnen.} Bb7 25. e5 (25. b4 Qxd4+ 26.
cxd4 Rc8 $11) 25... dxe5 26. fxe5 Qc6 $2 {Dieser Zug wirkt ein wenig
märchenhaft - indirekt hat Schwarz nun Drohungen gegen das Feld g2.} (26... Nd7
$5 $13) 27. Be4 {[%mdl 64]} (27. exf6 $5 Rxe2 28. Rxe2 Rxe2 29. Ne4 $1 Qe8 (
29... Rxe4 30. Bxe4 $18 {[%csl Rg8][%cal Rd4d8,Rd8g8,Re4b7]}) (29... Qd5 30.
Bxe2 Qxd4+ 31. cxd4 Bxe4 32. Bxa6 $16) 30. Bxe2 Bxe4 31. Bxa6 $18) 27... Nxe4
28. Nxe4 {[%csl Yf6][%cal Re4f6,Rf6e8,Rf6g8] Der Springer steht sehr gut auf
e4 - besonders wegen des schwachen Feldes f6.} Rc8 (28... Rxe5 29. Nf6+ Qxf6
30. Rxe5 $16) 29. Nf6+ Kg7 30. Rf2 (30. e6 {[%csl Rg7][%cal Rd4g7]} Qc5 $8 31.
Ne8+ Kf8 (31... Kg8 32. exf7+ Rxf7 33. Nd6 $18 {[%cal Rd6c8,Rd6f7]}) 32. Nd6
Rcc7 $13 (32... Qxd4+ 33. cxd4 Rd8 34. Nxb7 Rxd4 (34... Rxb7 35. e7+ $18) 35.
Rc2 fxe6 (35... Rxb7 36. e7+ Rxe7 37. Rc8+ $18) 36. Rc8+ Kg7 37. Nd8 $18))
30... Re6 $6 (30... Qe6 $5) 31. Qf4 {[%cal Gf2f7]} Rc7 32. Ng4 $16 {[%csl Rg7]
[%cal Rf4h6,Rh6g7][%mdl 128] Es gibt viele schwache Felder am schwarzen
Königsflügel - nun droht das tödliche Schach auf h6.} Rce7 33. Ref1 (33. Qh6+
$5 Kg8 34. Rd1 $18 (34. Nf6+ Rxf6 35. exf6 Rxe1+ 36. Kh2 Qd6+ $19)) 33... Kf8
34. Qh6+ Ke8 35. Nf6+ (35. Qxh7 Kd7 36. Rd2+ Kc8 37. Rxf7) 35... Kd8 36. Qf8+
Kc7 37. Rd1 $18 {[%cal Rf8d8,Rd8c7] Droht einzügiges Matt auf e8.} Re8 38.
Nxe8+ Rxe8 39. Qd6+ 1-0

[Event "Ciocaltea Memorial"]
[Site "Bucharest"]
[Date "1997.??.??"]
[Round "2"]
[White "Nevednichy, Vladislav"]
[Black "Cosma, Ioan"]
[Result "1/2-1/2"]
[WhiteElo "2535"]
[BlackElo "2495"]
[Annotator "Ribli,Z"]
[PlyCount "41"]
[EventDate "1997.03.??"]
[EventType "tourn"]
[EventRounds "13"]
[EventCountry "ROU"]
[EventCategory "10"]
[SourceTitle "CBM 060"]
[Source "ChessBase"]
[SourceDate "1997.09.29"]
[SourceVersion "1"]
[SourceVersionDate "1997.09.29"]
[SourceQuality "1"]

1. e4 {Bangiev} c5 2. Nf3 Nc6 3. d4 cxd4 4. Nxd4 Qc7 5. Nc3 e6 6. Be3 a6 7. Bd3
{Das ist ein logischer Plan von Weiss.In der klassischen Varianten mit Be2,
Weiss spielt oftmals Be2-d3 spaeter.Aber die Lauferstellung auf d3 hat auch
seine Nachteilen.Ribli.} Nf6 {Der Nachziehende waehlt die klassische Variante.}
(7... b5 $5) 8. O-O Ne5 (8... Bd6 $5 {In der letzten Zeit kommt auch dieser
Zug in Mode.}) 9. h3 {Praktisch erzwungenwegen der Drohung 9...Nfg4.} Bc5 10.
Kh1 (10. f4 Nc6 11. Nf5 Ne7 (11... Bxe3+ 12. Nxe3 d6 $5) 12. Nxg7+ Kf8 13. Bxc5
Qxc5+ 14. Kh1 Kxg7 15. e5 $13 {Nach meiner Meinung ist dies eine kritische
Stellung für die gesamte Eröffnungsvariante. Schwarz hat Materialsvorteil,
aber die weiße Initiative ist gefährlich.}) 10... d6 11. f4 Ng6 {Bangiev: Dies
ist wesentlich stärker als die Alternative 11...Ned7. Schwarz plant das
Gegenspiel gegen Felder f4, e5, d4 mittels e6-e5.} 12. Qe2 {Die Züge 12.Qe1
und 12.Qf3 sind hier auch anzutreffen.} (12. Qf3 O-O 13. Rae1 e5 {Das ist der
Schluesselzug in dieser Variante.Die Bewegung des Laeufers auf d3 ist
beschraenkt,und Schwarz hat gleichen Chancen.Ribli.} 14. Nde2 Bxe3 15. Qxe3
exf4 16. Nxf4 Be6 17. Nxg6 hxg6 18. e5 dxe5 19. Qxe5 Qxe5 20. Rxe5 Nd7 21. Re3
{1/2-1/2 Almasi,Z-Portisch,L/tt_HUN 1996}) (12. Qd2 Bd7 (12... O-O 13. a3 (13.
Nce2) 13... Bd7 14. Nce2 Ne7 15. Bf2 e5 16. fxe5 dxe5 17. Bg3 Nh5 {1/2-1/2
Relange,E-Horvath,J/Paris op 1995 (46)}) 13. Rae1 O-O 14. Bg1 Rad8 15. e5 {
1/2-1/2 Topalov,V-Haba,P/Budapest zt-B 1993}) (12. Qe1 $5 Bd7 13. Nb3 Bxe3 14.
Qxe3 O-O 15. Rae1 e5 16. f5 Ne7 17. g4 Bc6 18. Kh2 Rae8 19. g5 Nh5 20. Qf3 Nf4
21. Ne2 Nxf5 22. Nxf4 exf4 23. Qxf4 Ne7 24. e5 dxe5 25. Qxe5 {0-1 Groszpeter,
A-Sadler,M/Oberwart op 1996 (43)}) (12. a4 O-O 13. Qe2 Bd7 14. Nb3 Bxe3 15.
Qxe3 Bc6 16. Rfd1 Rac8 17. Ne2 Rfe8 {0-1 Pugachov,A-Horvath,J/Zalakaros op
1996 (35)}) 12... O-O (12... b5 13. Nb3 Bxe3 14. Qxe3 O-O 15. Rae1 Bb7 16. e5
dxe5 17. fxe5 Nd7 18. Bxg6 hxg6 19. Qf4 Rac8 {0-1 Oral,T-Kogan,A/SVK-ch
Trencin 1995 (43)}) 13. Rae1 e5 {Dieser Vorstoß ist für derartige Stellungen
typisch. Nun ist der Bauer auf e4 fest blockiert und wird im Weiteren zum
Angriffsobjekt werden.} (13... b5 14. Nb3 (14. a3 {Bangiev} e5 15. fxe5 dxe5
16. Rxf6 exd4 17. Nd5 Qe5 18. Rc6 Bd6 19. Bg1 $13 {1-0 Sanjeev,K-Kuzmin,A/
Calcutta op 1994 (39)}) 14... Bxe3 15. Qxe3 Bb7 16. e5 dxe5 17. fxe5 Nd7 18.
Bxg6 hxg6 19. Nd4 Rad8 {Vakulienko,V-Kharitonov,A/Smolensk Alekhine op 1992/
0-1 (51)}) 14. fxe5 dxe5 (14... Nxe5 15. Rxf6 gxf6 16. Nd5 $44 {[%csl Gd5,Rf6,
Rg8]}) 15. Nf5 {[%csl Gd4,Rd5,Gf4,Rf5] Weiß steht scheinbar aktiv am
Königsflügel, aber Schwarz hat eine feste Stellung. Schwarz kontrolliert die
Punkte d4 und f4, Weiß die Punkte d5 und f5.} (15. Nf3 Nf4 16. Qf2 Bxe3 17.
Rxe3 Be6 18. Ng5 (18. Nxe5 $6 N4h5 $1 $44) 18... h6 $5 19. Nxe6 fxe6 $1 20. Rf3
{1/2-1/2 Ivanovic,B-Pikula,D/JUG-ch Podgorica 1996 Und GM Ivanovic - der
"Sportminister" von Montenegro und Meister von Jugoslawien 1996 muß mit der
Punkteteilung zufrieden sein.}) 15... Bxe3 (15... Bb4 {Bangiev} 16. Bd2 (16.
Nh6+ $6 Kh8 $1) 16... Nf4 17. Bxf4 exf4 18. e5 $5 $13) 16. Qxe3 Nf4 $11 {
Schwarz hat einen starken Springer auf f4, und potentiellen Druck am
Damenflügel.} 17. g3 {Dieser Zug bietet nichts Weiss,aber ein aktiver Plan ist
schwer zu finden.Ribli.} (17. Nd5 $5 {Bangiev} N4xd5 (17... N6xd5 18. exd5 Bxf5
19. Bxf5 Nxd5 20. Qxe5 Qxe5 21. Rxe5 $14) 18. exd5 Bxf5 (18... Nxd5 19. Qxe5
Qxe5 20. Rxe5 Bxf5 21. Bxf5 $14) 19. Rxf5 Nxd5 20. Qe4 $5) 17... Nxd3 (17...
Bxf5 $5 18. gxf4 (18. exf5 Nxd3 19. cxd3 $11 (19. Qxd3 Rad8 $15 {[%csl Rh1]}))
18... exf4 (18... Be6 19. f5 Bc4 20. Rg1 {[%cal Gg1g7]}) 19. Rxf4 Be6) (17...
Nxh3 {Bangiev} 18. Kg2 Ng4 19. Qd2 Nhf2 20. Rxf2 Nxf2 21. Qxf2 $14) 18. cxd3
Bxf5 {Das ist erzwungen, denn der Springer war gefährlich. Die Drohung war 19.
Nxg7.} (18... Z0 19. Nxg7) 19. Rxf5 Qd6 {Gegen das mögliche Qualitätsopfer
Rxf6 gerichtet.} 20. Ref1 {[%cal Gf5f6,Gf1f6]} Ne8 (20... Rfd8 $6 {Bangiev} 21.
Rxf6 $5 gxf6 22. Nd5 $40) 21. Nd5 {Und in dieser gleichen Stellung wurde remis
vereinbart.  Bangiev: Weiß steht "optisch" besser, man beachte die gut
postierten weißen Figuren und eine gewisse Initiative. Aber da der weiße König
offen steht, wird das Spiel etwas risikoreicher.} (21. Nd5 Nc7 22. Nxc7 (22.
Nb6 Rad8 $132 {[%csl Rd3]}) 22... Qxc7) 1/2-1/2